| 000 | 01345nac a22003495a 4500 | ||
|---|---|---|---|
| 999 |
_c9009 _d9009 |
||
| 003 | EG-ScBUE | ||
| 005 | 20200205101320.0 | ||
| 008 | 090810t20022002miua f b 000 0 eng d | ||
| 020 | _a0472086685 | ||
| 020 | _a9780472086689 | ||
| 040 |
_aEG-ScBUE _beng _erda _cEG-ScBUE _dEG-ScBUE |
||
| 082 | 0 | 4 |
_a428.64 _bSIL _222 |
| 100 | 1 |
_aSilberstein, Sandra, _d1948- _eauthor. _98415 |
|
| 245 | 1 | 0 |
_aReader's choice / _cSandra Silberstein, University of Washington, Barbara K. Dobson, University of Michigan, Mark A. Clarke, University of Colorado at Denver. |
| 250 | _aFourth edition, revised and updated. | ||
| 264 | 1 |
_aAnn Arbor, Michigan : _bUniversity of Michigan Press, _c[2002] |
|
| 264 | 4 | _cc2002 | |
| 300 |
_axxvi, 410 pages : _billustrations ; _c28 cm |
||
| 336 |
_atext _btxt _2rdacontent |
||
| 337 |
_aunmediated _bn _2rdamedia |
||
| 338 |
_avolume _bnc _2rdacarrier |
||
| 504 | _aIncludes bibliographical references. | ||
| 650 | 7 |
_aCollege readers. _2BUEsh _98412 |
|
| 650 | 7 |
_aEnglish language _xStudy and teaching _xForeign speakers. _2BUEsh |
|
| 651 | _2BUEsh | ||
| 653 |
_bHHUUEENN _cAugust2015 |
||
| 700 | 1 |
_aClarke, Mark A., _eauthor. _98413 |
|
| 700 | 1 |
_aDobson, Barbara K., _eauthor. _98414 |
|
| 700 | 1 |
_aSilberstein, Sandra, _d1948- _98415 |
|
| 710 | 2 |
_aUniversity of Michigan. _bEnglish Language Institute. _98416 |
|
| 942 |
_cBB _2ddc |
||